| 000 | 00630nam a2200205 a 4500 | ||
|---|---|---|---|
| 003 | OSt | ||
| 005 | 20240226120929.0 | ||
| 008 | 180219t2008 pk | |||| 000 d urd d | ||
| 020 | _a9789693510867 | ||
| 040 | _c0 | ||
| 082 |
_a891.4392 _bBAN 2008 |
||
| 100 | 1 |
_aبانوقدسیہ _9121226 |
|
| 245 | 1 | 0 |
_aفٹ پاتھ کی گھاس _cBano Qudsia |
| 246 | _aFootpath Ki Ghaas | ||
| 260 |
_aLahore: _bSang e Meel Pub; _c2008. |
||
| 300 | _a632 p. | ||
| 650 |
_aUrdu literature _vDrama _9676 |
||
| 942 |
_2ddc _cBK _aSADA _k891.4392 BAN 2008 |
||
| 999 |
_c608165 _d608165 |
||